000 01760cam a2200349 a 4500
001 15818069
003 OSt
005 20200708104108.0
008 090715s2006 enkab b 001 0beng
010 _a 2009284455
020 _a9781845119829 (pbk.)
020 _a9781850437062 (hardback)
020 _a1850437068 (hardback)
040 _aDLC
_coclc
_dDLC
043 _aa-ir---
050 0 0 _aDS294
_b.A99 2006
082 0 0 _a955.03092
_bAXW/S
100 _aAxworthy, Michael
_92352
245 1 4 _aThe sword of Persia :
_bNader Shah, from tribal warrior to conquering tyrant /
_cMichael Axworthy.
260 _aLondon ;
_aNew York :
_bI.B. Tauris ;
_aNew York :
_bDistributed by Palgrave Macmillan,
_cc2006.
300 _axix, 348 p. :
_bill., maps ;
_c24 cm.
504 _aIncludes bibliographical references (p. 287-337) and index.
600 0 0 _aNādir Shāh,
_cShah of Iran,
_d1688-1747.
651 0 _aIran
_xKings and rulers
_vBiography.
651 0 _aIran
_xHistory
_y16th-18th centuries.
856 4 2 _3Contributor biographical information
_uhttp://www.loc.gov/catdir/enhancements/fy1001/2009284455-b.html
856 4 2 _3Publisher description
_uhttp://www.loc.gov/catdir/enhancements/fy1001/2009284455-d.html
856 4 1 _3Table of contents only
_uhttp://www.loc.gov/catdir/enhancements/fy0916/2009284455-t.html
906 _a7
_bcbc
_corigres
_d2
_encip
_f20
_gy-gencatlg
942 _2ddc
_cBK
_h955.03092
_iAXW/S
_k955.03092
_mAXW/S
999 _c23239
_d23239